[Event "HUN-ch U12"]
[Site "Budapest"]
[Date "2010.07.04"]
[Round "9"]
[White "Hos, Daniel Dominik"]
[Black "Miko, Akos"]
[Result "1-0"]
[WhiteElo "1587"]
[BlackElo "1602"]
[PlyCount "55"]
[EventDate "2010.06.26"]
[EventType "swiss"]
[EventRounds "9"]
[EventCountry "HUN"]
[SourceTitle "CBM 137 Extra"]
[Source "ChessBase"]
[SourceDate "2010.09.01"]
[SourceVersion "1"]
[SourceVersionDate "2010.09.01"]
[SourceQuality "1"]

1. d4 d5 2. Bf4 e6 3. Nf3 Nf6 4. e3 c5 5. c3 Qb6 6. Qb3 Qxb3 7. axb3 b6 8. Bd3 Nc6 9. Nbd2 Bb7 10. 0-0 Be7 11. Rfe1 Na5 12. h3 Nxb3 13. Bb5+ Kd8 14. Nxb3 c4 15. Nbd2 a6 16. Ba4 b5 17. Bc2 Nh5 18. Bh2 b4 19. Bd1 b3 20. Ne5 Nf6 21. Nxf7+ Kd7 22. Nxh8 Rxh8 23. Bf3 Rf8 24. Be5 Bd6 25. Bxd6 Kxd6 26. e4 Kd7 27. exd5 exd5 28. Bg4+ 1-0

[Event "HUN-ch U12"]
[Site "Budapest"]
[Date "2010.07.02"]
[Round "7"]
[White "Wanger, Tamas"]
[Black "Miko, Akos"]
[Result "1/2-1/2"]
[WhiteElo "1770"]
[BlackElo "1602"]
[PlyCount "94"]
[EventDate "2010.06.26"]
[EventType "swiss"]
[EventRounds "9"]
[EventCountry "HUN"]
[SourceTitle "CBM 137 Extra"]
[Source "ChessBase"]
[SourceDate "2010.09.01"]
[SourceVersion "1"]
[SourceVersionDate "2010.09.01"]
[SourceQuality "1"]

1. d4 d5 2. c4 Nf6 3. cxd5 Nxd5 4. Nf3 e6 5. Nc3 Nc6 6. e3 Bd6 7. Bc4 Nxc3 8. bxc3 0-0 9. 0-0 b6 10. Bd3 Ne7 11. Be4 Rb8 12. Qa4 a5 13. Ba3 Bxa3 14. Qxa3 Ba6 15. Rfd1 Nd5 16. Ne5 Rc8 17. c4 Nb4 18. Qb3 f6 19. Nd3 Nxd3 20. Bxd3 Qe7 21. e4 Kh8 22. Be2 Rfd8 23. Bg4 Rb8 24. Rab1 Qe8 25. Rbc1 Bb7 26. Qe3 e5 27. d5 Qa4 28. Qb3 Qxb3 29. axb3 Ra8 30. Ra1 Kg8 31. Kf1 Kf7 32. Rdc1 Ke7 33. c5 Ba6+ 34. Be2 Bxe2+ 35. Kxe2 b5 36. c6 Kd6 37. Ra3 Ra6 38. b4 a4 39. g3 h5 40. f4 Re8 41. Kf3 g5 42. Rf1 Rf8 43. Ke3 Ke7 44. h3 Rf7 45. Rc1 Kd6 46. Rc2 Ke7 47. Rf2 Rf8 1/2-1/2

[Event "HUN-ch U12"]
[Site "Budapest"]
[Date "2010.06.27"]
[Round "2"]
[White "Miko, Akos"]
[Black "Rozsa, Sandor"]
[Result "1-0"]
[WhiteElo "1602"]
[BlackElo "1991"]
[PlyCount "73"]
[EventDate "2010.06.26"]
[EventType "swiss"]
[EventRounds "9"]
[EventCountry "HUN"]
[SourceTitle "CBM 137 Extra"]
[Source "ChessBase"]
[SourceDate "2010.09.01"]
[SourceVersion "1"]
[SourceVersionDate "2010.09.01"]
[SourceQuality "1"]

1. e4 c5 2. Nf3 d6 3. d4 cxd4 4. Nxd4 Nf6 5. Nc3 g6 6. Be3 Bg7 7. f3 Nc6 8. Nxc6 bxc6 9. Bc4 Rb8 10. Bb3 Ba6 11. Bxa7 Rb7 12. Be3 Qa5 13. Ba4 Rxb2 14. Bxc6+ Kd8 15. Bd2 Ng4 16. Na4 Ne3 17. Bxa5+ Kc8 18. Nxb2 Nxd1 19. Kxd1 Bxb2 20. Rb1 Bd4 21. Kd2 Rf8 22. c3 Bc5 23. Rb2 f5 24. Rhb1 Ba7 25. Bb7+ Bxb7 26. Rxb7 fxe4 27. Rxa7 exf3 28. Ra8+ Kd7 29. Rxf8 fxg2 30. Kd3 h5 31. Kd4 Kc6 32. c4 h4 33. Rg8 h3 34. Rxg6 e5+ 35. Ke4 Kc5 36. Rg7 Kxc4 37. Rc7# 1-0

[Event "HUN-ch U12"]
[Site "Budapest"]
[Date "2010.06.26"]
[Round "1"]
[White "Szajbely, Zsigmond"]
[Black "Miko, Akos"]
[Result "1-0"]
[WhiteElo "2004"]
[BlackElo "1602"]
[PlyCount "57"]
[EventDate "2010.06.26"]
[EventType "swiss"]
[EventRounds "9"]
[EventCountry "HUN"]
[SourceTitle "CBM 137 Extra"]
[Source "ChessBase"]
[SourceDate "2010.09.01"]
[SourceVersion "1"]
[SourceVersionDate "2010.09.01"]
[SourceQuality "1"]

1. e4 e5 2. Nf3 Nc6 3. d4 exd4 4. Nxd4 Bc5 5. Be3 d6 6. Nxc6 bxc6 7. Bxc5 dxc5 8. Qxd8+ Kxd8 9. Nc3 Nf6 10. f3 Ke7 11. Na4 Nd7 12. 0-0-0 a5 13. Rd3 Bb7 14. Rc3 Kd6 15. Be2 Rhb8 16. Rd1+ Ke7 17. Bf1 Rd8 18. Nxc5 Nxc5 19. Rxd8 Rxd8 20. Rxc5 Ra8 21. e5 a4 22. a3 f6 23. exf6+ Kxf6 24. Bd3 g6 25. Be4 Ra6 26. c3 Ke6 27. Bc2 Kd6 28. Rc4 Bc8 29. Rxa4 1-0

[Event "HUN-chT2 Barcza 0910"]
[Site "Hungary"]
[Date "2010.03.21"]
[Round "8.12"]
[White "Miko, Akos"]
[Black "Nemeti, Kornel"]
[Result "0-1"]
[WhiteElo "1624"]
[BlackElo "1616"]
[PlyCount "50"]
[EventDate "2009.11.08"]
[EventType "team-tourn"]
[EventRounds "11"]
[EventCountry "HUN"]
[SourceTitle "EXT 2011"]
[Source "ChessBase"]
[SourceDate "2010.11.26"]
[SourceVersion "1"]
[SourceVersionDate "2010.11.26"]
[SourceQuality "1"]
[WhiteTeam "Nyiregyhaza"]
[BlackTeam "Debrecen Betu"]
[WhiteTeamCountry "HUN"]
[BlackTeamCountry "HUN"]

1. e4 c5 2. Nf3 Nc6 3. c3 d5 4. exd5 Qxd5 5. d4 cxd4 6. Nxd4 Nxd4 7. Qxd4 Qxd4 8. cxd4 Nf6 9. Nc3 e6 10. Nb5 Bb4+ 11. Bd2 Bxd2+ 12. Kxd2 Ke7 13. Rc1 Rd8 14. f3 a6 15. Nc7 Rb8 16. Ke3 Bd7 17. b4 Rbc8 18. b5 Rxc7 19. Rxc7 Nd5+ 20. Kd2 Nxc7 21. bxa6 bxa6 22. Bd3 Bb5 23. Bxb5 Nxb5 24. Ke3 Nxd4 25. g4 Nb5 0-1

[Event "HUN-chT2 Barcza 0910"]
[Site "Hungary"]
[Date "2010.02.28"]
[Round "7.11"]
[White "Miko, Akos"]
[Black "Kovacs, Apollon"]
[Result "0-1"]
[WhiteElo "1624"]
[BlackElo "1642"]
[PlyCount "34"]
[EventDate "2009.11.08"]
[EventType "team-tourn"]
[EventRounds "11"]
[EventCountry "HUN"]
[SourceTitle "EXT 2011"]
[Source "ChessBase"]
[SourceDate "2010.11.26"]
[SourceVersion "1"]
[SourceVersionDate "2010.11.26"]
[SourceQuality "1"]
[WhiteTeam "Nyiregyhaza"]
[BlackTeam "SSASSE"]
[WhiteTeamCountry "HUN"]
[BlackTeamCountry "HUN"]

1. e4 c5 2. Nf3 d6 3. d4 cxd4 4. Nxd4 Nf6 5. Nc3 a6 6. f3 e6 7. Be3 Be7 8. Bc4 Qc7 9. Bb3 Nc6 10. 0-0 0-0 11. Qd2 Bd7 12. Rad1 Rad8 13. Qf2 b5 14. Ndxb5 axb5 15. Bb6 Qb7 16. Bxd8 Bxd8 17. Rxd6 Bb6 0-1

[Event "HUN-chT U18"]
[Site "Miskolc"]
[Date "2009.10.29"]
[Round "6.11"]
[White "Lajtos, Levente"]
[Black "Miko, Akos"]
[Result "1-0"]
[WhiteElo "1659"]
[BlackElo "1624"]
[PlyCount "75"]
[EventDate "2009.10.26"]
[EventType "team-swiss"]
[EventRounds "8"]
[EventCountry "HUN"]
[SourceTitle "EXT 2016"]
[Source "ChessBase"]
[SourceDate "2015.10.08"]
[SourceVersion "1"]
[SourceVersionDate "2015.10.08"]
[SourceQuality "1"]

1. Nf3 d5 2. g3 c5 3. Bg2 Nc6 4. d4 e6 5. 0-0 Nf6 6. c4 b6 7. cxd5 exd5 8. Nc3 Bb7 9. Bg5 Ne7 10. Bxf6 gxf6 11. Qb3 c4 12. Qc2 Bg7 13. Rfd1 0-0 14. e3 Ng6 15. Rac1 Rc8 16. h4 Re8 17. Bh3 Rb8 18. b3 Ba6 19. Nd2 b5 20. Bg2 Ne7 21. Ne2 Bh6 22. e4 Rc8 23. bxc4 bxc4 24. f4 Nc6 25. a3 Kh8 26. Kf2 Ne7 27. Qa4 Bb7 28. Qxa7 Ba8 29. Qa6 Rc6 30. Qa4 Rg8 31. exd5 Nxd5 32. Nxc4 Rc7 33. Qb3 Qf8 34. Qb5 Ne7 35. Qb6 Rc8 36. Bxa8 Rxa8 37. Qxf6+ Bg7 38. Qd6 1-0